[Event "Titled Tuesday intern op 31st Aug"]
[Site "Chess.com INT"]
[Date "2021.08.31"]
[Round "2"]
[White "Lisik, Valery"]
[Black "Boydia, Sidi"]
[Result "1-0"]
[WhiteElo "2440"]
[BlackElo "2040"]
[PlyCount "97"]
[EventDate "2021.08.31"]
[EventType "swiss (blitz)"]
[EventRounds "11"]
[EventCountry "USA"]
[SourceTitle "EXT 2022"]
[Source "ChessBase"]
[SourceDate "2021.10.06"]
[SourceVersion "1"]
[SourceVersionDate "2021.10.06"]
[SourceQuality "1"]

1. d4 d5 2. Bf4 e6 3. e3 Bd6 4. Bg3 c5 5. c3 Qc7 6. f4 Nf6 7. Nd2 b6 8. Bh4 Bb7 9. Bxf6 gxf6 10. Ngf3 f5 11. Ne5 Nd7 12. Bb5 Bc8 13. Qh5 Bxe5 14. fxe5 a6 15. Be2 Bb7 16. 0-0 Qd8 17. g4 Rg8 18. Kh1 Qg5 19. Qxg5 Rxg5 20. gxf5 exf5 21. Rg1 h6 22. Rxg5 hxg5 23. Rf1 cxd4 24. cxd4 Nxe5 25. dxe5 d4+ 26. Kg1 dxe3 27. Nc4 f4 28. Nd6+ Kd7 29. Nxb7 Ke6 30. Nd6 f6 31. exf6 Kxd6 32. h4 Ke5 33. hxg5 Rg8 34. f7 Rxg5+ 35. Kh2 Rf5 36. Bc4 f3 37. Kg3 Ke4 38. Rd1 e2 39. Bd3+ Ke3 40. Bxf5 exd1Q 41. f8Q Qg1+ 42. Kh4 f2 43. Qh6+ Ke2 44. Qe6+ Kd2 45. Qd5+ Kc1 46. Qc4+ Kd2 47. Qd4+ Ke2 48. Bd3+ Kf3 49. Qe4# 1-0

[Event "Titled Tuesday intern op 02nd Feb"]
[Site "Chess.com INT"]
[Date "2021.02.02"]
[Round "5"]
[White "Hartikainen, Jarmo"]
[Black "Lisik, Valery"]
[Result "0-1"]
[WhiteElo "2142"]
[BlackElo "2440"]
[PlyCount "70"]
[EventDate "2021.02.02"]
[EventType "swiss (blitz)"]
[EventRounds "11"]
[EventCountry "USA"]
[SourceTitle "CBM 200 Extra"]
[Source "ChessBase"]
[SourceDate "2021.03.31"]
[SourceVersion "1"]
[SourceVersionDate "2021.03.31"]
[SourceQuality "1"]

1. e4 e6 2. d4 d5 3. Nc3 Bb4 4. e5 Ne7 5. a3 Bxc3+ 6. bxc3 c5 7. Qg4 0-0 8. Bd3 f5 9. exf6 Rxf6 10. Qg3 Nbc6 11. Bg5 Rf7 12. Ne2 c4 13. Bxh7+ Kxh7 14. Qh4+ Kg8 15. Nf4 Qf8 16. 0-0 e5 17. dxe5 Nxe5 18. Bxe7 Qxe7 19. Qxe7 Rxe7 20. Nxd5 Rd7 21. Rad1 Kf7 22. h3 Nc6 23. f4 b6 24. Rfe1 Bb7 25. g4 Rad8 26. Ne3 Rxd1 27. Rxd1 Rxd1+ 28. Nxd1 Ne7 29. Kf2 Nd5 30. Kg3 Nc7 31. h4 Nb5 32. a4 Na3 33. Ne3 Bc6 34. Nxc4 Nxc4 35. g5 Bxa4 0-1

[Event "Titled Tuesday intern op 02nd Feb"]
[Site "Chess.com INT"]
[Date "2021.02.02"]
[Round "11"]
[White "Lisik, Valery"]
[Black "Mickiewicz, Piotr"]
[Result "1-0"]
[WhiteElo "2440"]
[BlackElo "2233"]
[PlyCount "77"]
[EventDate "2021.02.02"]
[EventType "swiss (blitz)"]
[EventRounds "11"]
[EventCountry "USA"]
[SourceTitle "CBM 200 Extra"]
[Source "ChessBase"]
[SourceDate "2021.03.31"]
[SourceVersion "1"]
[SourceVersionDate "2021.03.31"]
[SourceQuality "1"]

1. d4 d5 2. Bf4 Nf6 3. e3 c5 4. c3 Nc6 5. Nf3 Bg4 6. Qb3 Qb6 7. dxc5 Qxb3 8. axb3 Bxf3 9. gxf3 e5 10. Bg3 Bxc5 11. Bb5 Nd7 12. b4 Bb6 13. Nd2 Ke7 14. f4 e4 15. Nb3 Ke6 16. Bf1 f5 17. h4 g6 18. Be2 Nf6 19. h5 Ne7 20. hxg6 hxg6 21. 0-0-0 Ng4 22. Bxg4 fxg4 23. Rhg1 Nf5 24. Rd2 Rh3 25. Nc5+ Bxc5 26. bxc5 Rc8 27. b4 b6 28. Rgd1 Ne7 29. c4 dxc4 30. Rd4 bxc5 31. Rxe4+ Kf7 32. Rd7 Re8 33. bxc5 Rh5 34. c6 Rc5 35. Bh4 g5 36. Bxg5 a5 37. c7 Kg6 38. Rexe7 Ra8 39. Rd8 1-0

[Event "Titled Tuesday intern op 03rd Nov"]
[Site "Chess.com INT"]
[Date "2020.11.03"]
[Round "6"]
[White "Lisik, Valery"]
[Black "Grandelius, Nils"]
[Result "0-1"]
[WhiteElo "2440"]
[BlackElo "2662"]
[PlyCount "50"]
[EventDate "2020.11.03"]
[EventType "swiss (blitz)"]
[EventRounds "11"]
[EventCountry "USA"]
[SourceTitle "CBM 199 Extra"]
[Source "ChessBase"]
[SourceDate "2021.01.31"]
[SourceVersion "1"]
[SourceVersionDate "2021.01.31"]
[SourceQuality "1"]

1. d4 d5 2. Bf4 c5 3. e3 Nc6 4. c3 cxd4 5. cxd4 Bf5 6. Nc3 e6 7. Nf3 Bb4 8. Bd3 Nge7 9. 0-0 Bxc3 10. bxc3 0-0 11. c4 Bxd3 12. Qxd3 dxc4 13. Qxc4 Nd5 14. Bg5 Qd7 15. Rfc1 h6 16. Bh4 Rac8 17. Bg3 Na5 18. Qd3 Qa4 19. e4 Nb4 20. Qd2 b5 21. Bd6 Nxa2 22. Bxf8 Rxc1+ 23. Rxc1 Nb3 24. Qf4 Nbxc1 25. h4 Ne2+ 0-1

[Event "Titled Tuesday intern op 03rd Nov"]
[Site "Chess.com INT"]
[Date "2020.11.03"]
[Round "7"]
[White "Loy, Konstantin"]
[Black "Lisik, Valery"]
[Result "1-0"]
[WhiteElo "2268"]
[BlackElo "2440"]
[PlyCount "123"]
[EventDate "2020.11.03"]
[EventType "swiss (blitz)"]
[EventRounds "11"]
[EventCountry "USA"]
[SourceTitle "CBM 199 Extra"]
[Source "ChessBase"]
[SourceDate "2021.01.31"]
[SourceVersion "1"]
[SourceVersionDate "2021.01.31"]
[SourceQuality "1"]

1. e4 e6 2. d3 d5 3. Nd2 Nf6 4. Ngf3 Nc6 5. c3 Bd6 6. Be2 e5 7. 0-0 0-0 8. b4 a6 9. a3 Bg4 10. Re1 Re8 11. Bb2 Bf8 12. Qc2 Qd6 13. Nf1 Rad8 14. Rad1 Bxf3 15. Bxf3 d4 16. cxd4 Nxd4 17. Bxd4 exd4 18. g3 c5 19. bxc5 Qxc5 20. Qxc5 Bxc5 21. a4 Bb4 22. Re2 Bc3 23. Rb1 Rb8 24. e5 Nd7 25. Rxb7 Nc5 26. Ra7 Nxd3 27. Bd5 Rxe5 28. Bxf7+ Kf8 29. Rxe5 Nxe5 30. Bh5 g6 31. Bd1 Rb1 32. Bc2 Rc1 33. Be4 d3 34. Kg2 d2 35. Nxd2 Bxd2 36. Rxa6 Rc4 37. Bd5 Rb4 38. Ra8+ Ke7 39. Ra7+ Kd6 40. Bg8 Rb2 41. Bxh7 Be3 42. Ra6+ Ke7 43. Bg8 Rxf2+ 44. Kh3 g5 45. Re6+ Kf8 46. Rxe5 Bd4 47. Re4 Bf6 48. Bd5 Kg7 49. Kg4 Rd2 50. Bc6 Ra2 51. Bb5 Rxh2 52. Kf5 Rf2+ 53. Kg4 Ra2 54. Rc4 Ra3 55. Re4 Bd8 56. Bc6 Kf6 57. Bd5 Bc7 58. Re6+ Kg7 59. Rc6 Bxg3 60. Kxg5 Be1 61. Rg6+ Kf8 62. Kf6 1-0

[Event "Titled Tuesday intern op 03rd Nov"]
[Site "Chess.com INT"]
[Date "2020.11.03"]
[Round "11"]
[White "Shuvalova, Polina"]
[Black "Lisik, Valery"]
[Result "1-0"]
[WhiteElo "2441"]
[BlackElo "2440"]
[PlyCount "63"]
[EventDate "2020.11.03"]
[EventType "swiss (blitz)"]
[EventRounds "11"]
[EventCountry "USA"]
[SourceTitle "CBM 199 Extra"]
[Source "ChessBase"]
[SourceDate "2021.01.31"]
[SourceVersion "1"]
[SourceVersionDate "2021.01.31"]
[SourceQuality "1"]

1. d4 d5 2. c4 c6 3. Nf3 Nf6 4. Nc3 e6 5. Bg5 dxc4 6. a4 Bb4 7. e3 b5 8. Be2 Bb7 9. 0-0 a6 10. Ne5 Nbd7 11. Bf3 Bxc3 12. bxc3 Nxe5 13. dxe5 Qxd1 14. Rfxd1 Nd5 15. Rdc1 h6 16. Bh4 g5 17. Bg3 0-0-0 18. h4 Nb6 19. a5 Nd7 20. Bh5 Rhf8 21. Rd1 Nc5 22. Rxd8+ Kxd8 23. Rd1+ Ke7 24. hxg5 hxg5 25. f4 Nb3 26. fxg5 b4 27. g6 bxc3 28. Bh4+ f6 29. exf6+ Rxf6 30. g7 c2 31. Rf1 c1Q 32. Bxf6+ 1-0

[Event "Titled Tuesday intern op 9th June"]
[Site "Chess.com INT"]
[Date "2020.06.09"]
[Round "3"]
[White "Jumabayev, Rinat"]
[Black "Lisik, Valery"]
[Result "1-0"]
[WhiteElo "2654"]
[BlackElo "2440"]
[PlyCount "59"]
[EventDate "2020.06.09"]
[EventType "swiss (blitz)"]
[EventRounds "10"]
[EventCountry "USA"]
[SourceTitle "CBM 196 Extra"]
[Source "ChessBase"]
[SourceDate "2020.07.31"]
[SourceVersion "1"]
[SourceVersionDate "2020.07.31"]
[SourceQuality "1"]

1. e4 e6 2. d3 d5 3. Nd2 Nf6 4. Ngf3 Nc6 5. g3 Bc5 6. Bg2 dxe4 7. dxe4 e5 8. 0-0 0-0 9. c3 a5 10. Qe2 b6 11. Rd1 Ba6 12. c4 Nd4 13. Nxd4 Bxd4 14. Nf3 c5 15. Nxe5 Bxe5 16. Rxd8 Raxd8 17. Be3 Bd4 18. Rc1 Rfe8 19. f3 Bxe3+ 20. Qxe3 Rd4 21. Bf1 Nd7 22. Be2 f5 23. Rd1 Rxd1+ 24. Bxd1 fxe4 25. Ba4 Bc8 26. fxe4 Re7 27. Bc6 g6 28. Qg5 Kf8 29. Qf4+ Kg7 30. Qc7 1-0

[Event "Titled Tuesday intern op 9th June"]
[Site "Chess.com INT"]
[Date "2020.06.09"]
[Round "7"]
[White "Lisik, Valery"]
[Black "Winslow, Elliott C"]
[Result "1-0"]
[WhiteElo "2440"]
[BlackElo "2150"]
[PlyCount "77"]
[EventDate "2020.06.09"]
[EventType "swiss (blitz)"]
[EventRounds "10"]
[EventCountry "USA"]
[SourceTitle "CBM 196 Extra"]
[Source "ChessBase"]
[SourceDate "2020.07.31"]
[SourceVersion "1"]
[SourceVersionDate "2020.07.31"]
[SourceQuality "1"]

1. d4 Nf6 2. c4 g6 3. Nc3 Bg7 4. e4 0-0 5. Nf3 d6 6. Be2 c5 7. d5 e6 8. 0-0 Re8 9. h3 exd5 10. exd5 Bf5 11. Bd3 Bxd3 12. Qxd3 Nbd7 13. Bf4 Ne5 14. Nxe5 dxe5 15. Bg5 Qb6 16. Rab1 h6 17. Be3 Qd6 18. Nb5 Qd7 19. Bxc5 e4 20. Qe2 b6 21. Bd4 Rac8 22. b3 a6 23. Na3 Qd6 24. Nc2 Nh5 25. Bxg7 Kxg7 26. Qe3 b5 27. Qd4+ Kh7 28. Ne3 Nf4 29. Rb2 f5 30. Rd1 Nd3 31. Re2 h5 32. h4 Re7 33. g3 f4 34. Nf1 Rce8 35. Rxd3 exd3 36. Rxe7+ Rxe7 37. Qxd3 fxg3 38. Nxg3 bxc4 39. bxc4 1-0

[Event "Titled Tuesday intern op 9th June"]
[Site "Chess.com INT"]
[Date "2020.06.09"]
[Round "9"]
[White "Maksimovic, Bojan"]
[Black "Lisik, Valery"]
[Result "1/2-1/2"]
[WhiteElo "2398"]
[BlackElo "2440"]
[PlyCount "138"]
[EventDate "2020.06.09"]
[EventType "swiss (blitz)"]
[EventRounds "10"]
[EventCountry "USA"]
[SourceTitle "CBM 196 Extra"]
[Source "ChessBase"]
[SourceDate "2020.07.31"]
[SourceVersion "1"]
[SourceVersionDate "2020.07.31"]
[SourceQuality "1"]

1. e4 e6 2. d4 d5 3. Nc3 Bb4 4. e5 Ne7 5. Bd2 b6 6. Qg4 0-0 7. Nf3 Ba6 8. Bxa6 Nxa6 9. h4 c5 10. h5 f5 11. exf6 Rxf6 12. 0-0-0 Nc7 13. Rhe1 Qf8 14. Bg5 Rxf3 15. Bxe7 Qf4+ 16. Qxf4 Rxf4 17. Bd6 Rf7 18. Bxc7 Bxc3 19. bxc3 Rxc7 20. Rxe6 Rac8 21. Rd2 cxd4 22. cxd4 Rc4 23. Re5 Rd8 24. Kb2 Rd7 25. c3 Kf7 26. Rd3 Rc6 27. Rf3+ Rf6 28. Rxf6+ gxf6 29. Re3 Rd8 30. g4 Rg8 31. f3 h6 32. Kb3 Rc8 33. Re1 a6 34. Rc1 b5 35. Re1 a5 36. Re3 Rc4 37. f4 b4 38. cxb4 Rxb4+ 39. Kc3 Ra4 40. Re2 Ra3+ 41. Kb2 Rg3 42. Rc2 Rxg4 43. f5 Rg5 44. Rc7+ Ke8 45. Rc5 Rxf5 46. Rxa5 Rxh5 47. Rc5 Kd7 48. a4 Kd6 49. a5 Rh2+ 50. Kb3 Rh1 51. Rc2 Ra1 52. Kb4 Ke6 53. Kb5 Kf5 54. a6 Ke4 55. Kb6 Kxd4 56. Rh2 f5 57. Rxh6 f4 58. a7 f3 59. Kb7 Rxa7+ 60. Kxa7 f2 61. Rf6 Ke3 62. Kb6 d4 63. Kc5 d3 64. Re6+ Kd2 65. Rf6 Ke2 66. Re6+ Kd1 67. Rf6 Ke2 68. Re6+ Kd2 69. Rf6 Ke2 1/2-1/2

[Event "Titled Tuesday intern op 1st May"]
[Site "Chess.com INT"]
[Date "2018.05.01"]
[Round "1"]
[White "Goldsby, AJ."]
[Black "Lisik, Valery"]
[Result "1-0"]
[WhiteElo "2026"]
[BlackElo "2440"]
[PlyCount "93"]
[EventDate "2018.05.01"]
[EventType "swiss (blitz)"]
[EventRounds "10"]
[EventCountry "USA"]
[SourceTitle "EXT 2021"]
[Source "ChessBase"]
[SourceDate "2020.10.23"]
[SourceVersion "1"]
[SourceVersionDate "2020.10.23"]
[SourceQuality "1"]

1. d4 d5 2. Nf3 Nf6 3. e3 c6 4. c4 Bg4 5. Nc3 e6 6. Be2 Nbd7 7. Qb3 Qb6 8. c5 Qxb3 9. axb3 a6 10. b4 Rc8 11. Nd2 Bxe2 12. Kxe2 Be7 13. f3 e5 14. Kd3 exd4 15. exd4 0-0 16. Re1 Bd8 17. Nb3 Bc7 18. g3 Rfe8 19. Bg5 Rxe1 20. Rxe1 Re8 21. Rxe8+ Nxe8 22. Ke3 f6 23. Bf4 Bd8 24. g4 Kf7 25. Kd3 g6 26. Bg3 Ng7 27. Ne2 Ne6 28. Nf4 Nxf4+ 29. Bxf4 Nf8 30. Bg3 Ne6 31. Nc1 g5 32. Ke3 Kg6 33. Nd3 Be7 34. f4 gxf4+ 35. Nxf4+ Nxf4 36. Bxf4 f5 37. h3 fxg4 38. hxg4 Bh4 39. Ke2 Kf6 40. Bd2 Kg6 41. Kf3 h5 42. Bc3 Bg5 43. Be1 Bc1 44. Bc3 h4 45. b3 Kg5 46. Be1 Bf4 47. Bxh4+ 1-0

[Event "Titled Tuesday intern op 1st May"]
[Site "Chess.com INT"]
[Date "2018.05.01"]
[Round "4"]
[White "Tronenkovs, Valdis"]
[Black "Lisik, Valery"]
[Result "1-0"]
[WhiteElo "2305"]
[BlackElo "2440"]
[PlyCount "57"]
[EventDate "2018.05.01"]
[EventType "swiss (blitz)"]
[EventRounds "10"]
[EventCountry "USA"]
[SourceTitle "EXT 2021"]
[Source "ChessBase"]
[SourceDate "2020.10.23"]
[SourceVersion "1"]
[SourceVersionDate "2020.10.23"]
[SourceQuality "1"]

1. e4 e6 2. Nc3 d5 3. d4 Bb4 4. a3 Bxc3+ 5. bxc3 Ne7 6. Bd3 b6 7. Qg4 0-0 8. e5 Ba6 9. Nf3 Bxd3 10. cxd3 c5 11. h4 Nbc6 12. h5 cxd4 13. Bh6 g6 14. hxg6 Nxg6 15. Bg5 f6 16. Qxe6+ Rf7 17. Bxf6 Qe8 18. Qxd5 Nce7 19. Bxe7 Nxe7 20. Qxd4 Rd8 21. Qe4 Ng6 22. d4 Qb5 23. Rc1 Nf4 24. Ng5 Nd3+ 25. Kd2 Rxf2+ 26. Ke3 Re2+ 27. Kxe2 Nc5+ 28. c4 Qb2+ 29. Qc2 1-0

[Event "Kecskemet5"]
[Site "Kecskemet"]
[Date "1992.??.??"]
[Round "?"]
[White "Bandza, Algirdas S"]
[Black "Lisik, Valery"]
[Result "1-0"]
[WhiteElo "2400"]
[BlackElo "2475"]
[PlyCount "81"]
[EventDate "1992.??.??"]
[EventType "tourn"]
[EventRounds "13"]
[EventCountry "HUN"]
[EventCategory "4"]
[SourceTitle "EXT 2004"]
[Source "ChessBase"]
[SourceDate "2003.11.25"]
[SourceVersion "1"]
[SourceVersionDate "2003.11.25"]
[SourceQuality "1"]

1. d4 d5 2. c4 c6 3. e3 Nf6 4. Bd3 g6 5. Nc3 Bg7 6. Nf3 0-0 7. 0-0 Nbd7 8. cxd5 Nxd5 9. e4 N5b6 10. Bg5 Re8 11. Qd2 Nf8 12. Bh6 Bxd4 13. Nxd4 Qxd4 14. Ne2 Qd6 15. Rad1 e5 16. f4 Ne6 17. f5 Nd4 18. Nxd4 Qxd4+ 19. Kh1 Qd8 20. fxg6 hxg6 21. Bc4 Qxd2 22. Bxf7+ Kh7 23. Rxd2 Rh8 24. Bg5 Bd7 25. Rd6 Rhf8 26. Be7 Rh8 27. Bxg6+ Kg8 28. Bf7+ Kh7 29. Bf6 Rhf8 30. Be7 Rh8 31. Rd3 Bg4 32. Rg3 Be2 33. Rf2 Bc4 34. Rh3+ Kg7 35. Bf6+ Kxf7 36. Bxh8+ Ke7 37. b3 Bb5 38. Rf7+ Kd6 39. Rh6+ Kc5 40. Bxe5 Re8 41. Bd6+ 1-0

[Event "RUS-chT 01st"]
[Site "Podolsk"]
[Date "1992.??.??"]
[Round "?"]
[White "Kiselev, Sergey"]
[Black "Lisik, Valery"]
[Result "1/2-1/2"]
[WhiteElo "2540"]
[BlackElo "2475"]
[PlyCount "31"]
[EventDate "1992.??.??"]
[EventType "team"]
[EventRounds "12"]
[EventCountry "RUS"]
[SourceTitle "EXT 2020"]
[Source "ChessBase"]
[SourceDate "2019.10.17"]
[SourceVersion "1"]
[SourceVersionDate "2019.10.17"]
[SourceQuality "1"]

1. d4 d5 2. c4 c6 3. Nf3 Nf6 4. Nc3 e6 5. e3 Nbd7 6. Qc2 Bd6 7. Be2 0-0 8. 0-0 Re8 9. Bd2 Qe7 10. Rac1 b6 11. e4 Nxe4 12. Nxe4 dxe4 13. Qxe4 Bb7 14. Bg5 Nf6 15. Qh4 c5 16. Rcd1 1/2-1/2

[Event "Budapest Spring op 08th"]
[Site "Budapest"]
[Date "1992.??.??"]
[Round "?"]
[White "Lisik, Valery"]
[Black "Scetinin, Alexander"]
[Result "1/2-1/2"]
[WhiteElo "2475"]
[BlackElo "2350"]
[PlyCount "94"]
[EventDate "1992.03.??"]
[EventType "swiss"]
[EventRounds "9"]
[EventCountry "HUN"]
[SourceTitle "CBM 030 Extra"]
[Source "ChessBase"]
[SourceDate "1992.11.01"]
[SourceVersion "1"]
[SourceVersionDate "1992.11.01"]
[SourceQuality "1"]

1. d4 Nf6 2. Nf3 g6 3. c4 c5 4. d5 b5 5. cxb5 a6 6. Nc3 axb5 7. d6 Qa5 8. e3 Ba6 9. b4 Qxb4 10. Bd2 c4 11. a4 Qxd6 12. axb5 Bb7 13. Rxa8 Bxa8 14. Qa4 Bxf3 15. gxf3 Bg7 16. Bxc4 0-0 17. Ke2 e6 18. Bd3 Qc7 19. Ne4 Nxe4 20. fxe4 d5 21. h4 Qe5 22. h5 Qg5 23. exd5 exd5 24. Qh4 Qxh4 25. Rxh4 Nd7 26. b6 Be5 27. Rb4 Rb8 28. Rb1 Bd6 29. Rc1 Bc5 30. Bc3 Kf8 31. Bd4 Bxb6 32. Rc6 Ke7 33. Kd2 Bxd4 34. exd4 Rb6 35. Rc7 Kd8 36. Ra7 Kc8 37. Ra8+ Rb8 38. Ra7 Rb7 39. Ra8+ Rb8 40. Ra1 Rb6 41. f4 Nf6 42. Ra8+ Rb8 43. Ra6 Ng4 44. Kc3 Nf2 45. Rf6 Rb7 46. h6 Nxd3 47. Kxd3 Kd8 1/2-1/2

[Event "RUS-chT 01st"]
[Site "Podolsk"]
[Date "1992.??.??"]
[Round "?"]
[White "Mukhametov, Eldar"]
[Black "Lisik, Valery"]
[Result "1-0"]
[WhiteElo "2405"]
[BlackElo "2475"]
[PlyCount "101"]
[EventDate "1992.??.??"]
[EventType "team"]
[EventRounds "12"]
[EventCountry "RUS"]
[SourceTitle "EXT 2020"]
[Source "ChessBase"]
[SourceDate "2019.10.17"]
[SourceVersion "1"]
[SourceVersionDate "2019.10.17"]
[SourceQuality "1"]
[WhiteTeam "Moscow CSKA"]
[WhiteTeamCountry "RUS"]

1. e4 c6 2. d4 d5 3. Nd2 dxe4 4. Nxe4 Bf5 5. Ng3 Bg6 6. h4 h6 7. Nf3 Nd7 8. h5 Bh7 9. Bd3 Bxd3 10. Qxd3 e6 11. Bd2 Ngf6 12. 0-0-0 Qc7 13. Ne4 0-0-0 14. g3 Nc5 15. Nxc5 Bxc5 16. c4 Rhe8 17. Bc3 a6 18. Qe2 Be7 19. Ne5 c5 20. dxc5 Bxc5 21. f4 Rxd1+ 22. Rxd1 Rd8 23. Rxd8+ Kxd8 24. Kc2 Bd6 25. b3 Bxe5 26. fxe5 Nd7 27. Qf3 Ke8 28. Qe4 Qc6 29. Qxc6 bxc6 30. b4 Kd8 31. Kd3 Kc7 32. a4 Kb6 33. a5+ Kc7 34. Ke4 f5+ 35. Kf4 Kb7 36. g4 fxg4 37. Kxg4 Kc7 38. Kf4 Kc8 39. Ke4 Kc7 40. Be1 Kb7 41. Bh4 Kc7 42. Be7 Kb7 43. Bd6 Ka7 44. Kd4 Kb7 45. Kc3 Ka7 46. Kb3 Kb7 47. Ka4 Ka7 48. b5 c5 49. Kb3 Kb7 50. bxa6+ Ka7 51. Ka3 1-0